ANANTHANARAYAN'S INTRODUCTION TO MEDICAL MICROBIOLOGY FOR GNM STUDENTS (Record no. 216357)

MARC details
000 -LEADER
fixed length control field 00497nam a22001697a 4500
008 - FIXED-LENGTH DATA ELEMENTS--GENERAL INFORMATION
fixed length control field 251218b |||||||| |||| 00| 0 eng d
020 ## - INTERNATIONAL STANDARD BOOK NUMBER
International Standard Book Number 978-93-93330-57-4
100 ## - MAIN ENTRY--PERSONAL NAME
Personal name BHAMA, M C SATHYA
245 ## - TITLE STATEMENT
Title ANANTHANARAYAN'S INTRODUCTION TO MEDICAL MICROBIOLOGY FOR GNM STUDENTS
250 ## - EDITION STATEMENT
Edition statement 3RD ED
260 ## - PUBLICATION, DISTRIBUTION, ETC.
Place of publication, distribution, etc. TELANGANA, INDIA
Name of publisher, distributor, etc. UNIVERSITIES PRESS
Date of publication, distribution, etc. 2023
300 ## - PHYSICAL DESCRIPTION
Extent IX, 199P.
500 ## - GENERAL NOTE
General note INCLUDES INDEX
650 ## - SUBJECT ADDED ENTRY
Topical term or geographic name entry element 1, MEDICAL MICROBIOLOGY
942 ## - ADDED ENTRY ELEMENTS (KOHA)
Source of classification or shelving scheme Library of Congress Classification
Koha item type Long Loan Book
Holdings
Withdrawn status Lost status Source of classification or shelving scheme Damaged status Not for loan Collection Home library Current library Shelving location Date acquired Inventory number Total checkouts Full call number Barcode Date last seen Copy number Price effective from Koha item type
    Library of Congress Classification     Medicine Kisii University Library Kisii University Library On Display 12/18/2025 110601   QR 46 .A53 2023 000000022795 12/18/2025 C.1 12/18/2025 Long Loan Book
    Library of Congress Classification     Medicine Kisii University Library Kisii University Library On Display 12/18/2025 110602   QR 46 .A53 2023 000000022796 12/18/2025 C.2 12/18/2025 Long Loan Book
    Library of Congress Classification     Medicine Kisii University Library Kisii University Library On Display 12/18/2025 110603   QR 46 .A53 2023 000000022797 12/18/2025 C.3 12/18/2025 Long Loan Book
    Library of Congress Classification     Medicine Kisii University Library Kisii University Library On Display 12/18/2025 110604   QR 46 .A53 2023 000000022798 12/18/2025 C.4 12/18/2025 Long Loan Book
    Library of Congress Classification     Medicine Kisii University Library Kisii University Library On Display 12/18/2025 110605   QR 46 .A53 2023 000000022799 12/18/2025 C.5 12/18/2025 Long Loan Book
    Library of Congress Classification     Medicine Kisii University Library Kisii University Library On Display 12/18/2025 110606   QR 46 .A53 2023 000000018297 12/18/2025 C.6 12/18/2025 Long Loan Book
    Library of Congress Classification     Medicine Kisii University Library Kisii University Library On Display 12/18/2025 110607   QR 46 .A53 2023 000000018298 12/18/2025 C.7 12/18/2025 Long Loan Book
    Library of Congress Classification     Medicine Kisii University Library Kisii University Library On Display 12/18/2025 110608   QR 46 .A53 2023 000000018299 12/18/2025 C.8 12/18/2025 Long Loan Book